[Event "Championnat de France - Vétérans"]
[Site "Nimes"]
[Date "2009.08.22"]
[Round "11.5"]
[White "Degrave, Jack"]
[Black "Rosenfeld, Imre"]
[Result "0-1"]
[WhiteElo "2028"]
[BlackElo "1937"]
[PlyCount "78"]
[EventDate "2009.??.??"]

1. e4 c6 2. d4 d5 3. exd5 cxd5 4. c4 Nf6 5. Nc3 e6 6. Nf3 Bb4 7. Bd2 O-O 8. c5
b6 9. a3 Bxc3 10. Bxc3 Ne4 11. cxb6 Nxc3 12. bxc3 Qxb6 13. Bd3 Ba6 14. O-O Bxd3
15. Qxd3 Nd7 16. Rfe1 Qa5 17. Rec1 Rfc8 18. c4 Qa6 19. Ng5 Nf6 20. Rc3 Rxc4 21.
Rac1 Rac8 22. h3 Qc6 23. Rxc4 dxc4 24. Qc3 h6 25. Nf3 Nd5 26. Qa5 Qc7 27. Qa4
c3 28. Ne5 c2 29. Nd3 Qc4 30. Qxc4 Rxc4 31. Ne1 Rxd4 32. Rxc2 Rd1 33. Kf1 Ra1
34. Ke2 Rxa3 35. g3 f6 36. Nd3 Kf7 37. Rb2 Rc3 38. Ra2 Rc7 39. f4 Nc3+ 0-1

[Event "Championnat de France - Vétérans"]
[Site "Nimes"]
[Date "2009.08.22"]
[Round "11.6"]
[White "Pinchon, Henri"]
[Black "Cortes, Jaime"]
[Result "0-1"]
[WhiteElo "1944"]
[BlackElo "1937"]
[PlyCount "128"]
[EventDate "2009.??.??"]

1. e4 c5 2. Nf3 d6 3. c3 Nf6 4. e5 dxe5 5. Nxe5 e6 6. d4 cxd4 7. Bb5+ Bd7 8.
Nxd7 Nbxd7 9. Bg5 Be7 10. O-O dxc3 11. Nxc3 O-O 12. Qf3 a6 13. Ba4 b5 14. Bb3
Ne5 15. Qe2 Nfd7 16. Bf4 Ng6 17. Bg3 Nc5 18. Rad1 Qb6 19. Bc2 Rad8 20. h4 Bxh4
21. Bxh4 Nxh4 22. Bxh7+ Kxh7 23. Qh5+ Kg8 24. Qxh4 b4 25. Ne2 Nd3 26. b3 Rd5
27. Nf4 Nxf4 28. Qxf4 Rfd8 29. Rc1 a5 30. Rc7 Rf5 31. Qc1 Qd4 32. Rc4 Qd2 33.
Rc8 Rfd5 34. Rxd8+ Rxd8 35. Qc7 Rd5 36. Qc8+ Kh7 37. Qc7 Kg8 38. Qc8+ Rd8 39.
Qc7 Qd5 40. Rc1 Qd2 41. Rf1 Rd5 42. Qc8+ Kh7 43. Qc7 Kg6 44. Qc4 Qd4 45. Qc2+
Qd3 46. Qc7 Rg5 47. Qc1 Qe4 48. f3 Qd4+ 49. Rf2 Rc5 50. Qb1+ f5 51. g3 Qe3 52.
Kg2 Rc1 53. Qb2 Qe1 54. Kh3 Rc3 55. Kg2 Rc1 56. Kh3 e5 57. Qd2 Qh1+ 58. Rh2
Qf1+ 59. Rg2 Rd1 60. Qe3 Rd3 61. Qxe5 Qxf3 62. Re2 Rd1 63. Re1 Rd2 64. Qe8+ Kh7
0-1

[Event "Championnat de France - Vétérans"]
[Site "Nimes"]
[Date "2009.08.22"]
[Round "11.8"]
[White "Kassab, Faouzi"]
[Black "Darrigues, Alain"]
[Result "1/2-1/2"]
[WhiteElo "1811"]
[BlackElo "2045"]
[PlyCount "95"]
[EventDate "2009.??.??"]

1. e4 c5 2. c3 Nf6 3. e5 Nd5 4. c4 Nb6 5. f4 d6 6. d4 cxd4 7. Qxd4 Nc6 8. Qe4
g6 9. b3 Bf5 10. Qe3 dxe5 11. fxe5 Qd4 12. Qxd4 Nxd4 13. Na3 Rd8 14. Bb2 e6 15.
Bxd4 Rxd4 16. Nb5 Bb4+ 17. Kf2 Rd2+ 18. Ke3 Rd7 19. Nf3 Nc8 20. a3 Bc5+ 21.
Nbd4 a5 22. Bd3 Ne7 23. Rhd1 O-O 24. Bxf5 Nxf5+ 25. Ke4 Rfd8 26. Rd3 Rxd4+ 27.
Rxd4 Rxd4+ 28. Nxd4 Nxd4 29. b4 Nb3 30. Ra2 Bg1 31. h3 Kf8 32. g4 h6 33. h4 Ba7
34. Rc2 b6 35. Rc3 a4 36. Rd3 Ke7 37. h5 g5 38. Rd1 Bb8 39. Rd3 Bc7 40. Rd1 f6
41. exf6+ Kxf6 42. Rd7 Bf4 43. Rb7 Nd2+ 44. Kd3 e5 45. Rxb6+ Ke7 46. Rxh6 e4+
47. Ke2 Nxc4 48. Ra6 1/2-1/2

[Event "Championnat de France - Vétérans"]
[Site "Nimes"]
[Date "2009.08.22"]
[Round "11.9"]
[White "Tholey, Jean-Paul"]
[Black "Mounier, Michel"]
[Result "0-1"]
[WhiteElo "2008"]
[BlackElo "1839"]
[PlyCount "101"]
[EventDate "2009.??.??"]

1. d4 d5 2. c4 e6 3. Nc3 Nf6 4. Bg5 Nbd7 5. Nf3 c6 6. e3 Qa5 7. cxd5 Nxd5 8.
Qa4 Bb4 9. Qxa5 Bxa5 10. Rc1 N7b6 11. Nd2 f6 12. Bh4 h5 13. Bg3 Ke7 14. Nce4
Na4 15. b3 Nac3 16. Nxc3 Nxc3 17. a3 Ne4 18. b4 Nxd2 19. Kxd2 Bb6 20. f3 Bd7
21. Bd3 h4 22. Bf2 a5 23. Ra1 g5 24. Ke2 Bc7 25. Rhb1 axb4 26. axb4 Bxh2 27. e4
Bd6 28. Be1 b5 29. Bc2 Bf4 30. Bd2 Bxd2 31. Kxd2 f5 32. e5 g4 33. fxg4 fxg4 34.
Be4 h3 35. gxh3 gxh3 36. Ke3 h2 37. Rxa8 Rxa8 38. Rb2 Rh8 39. Bh1 Rh3+ 40. Kf4
Rd3 41. Ke4 Rh3 42. Kf4 Kd8 43. Rd2 Kc7 44. Ke4 c5 45. Rd1 Bc6+ 46. Kf4 Bxh1
47. Rxh1 c4 48. Kg4 Rh7 49. Kg3 Kc6 50. Kg2 Kd5 51. Rd1 0-1

[Event "Championnat de France - Vétérans"]
[Site "Nimes"]
[Date "2009.08.22"]
[Round "11.10"]
[White "Raggini, Bernard"]
[Black "Peyrin, Jean"]
[Result "0-1"]
[WhiteElo "1717"]
[BlackElo "1992"]
[PlyCount "60"]
[EventDate "2009.??.??"]

1. e4 c5 2. Nf3 e6 3. d4 cxd4 4. Nxd4 Nc6 5. Nc3 d6 6. Be3 Nf6 7. Be2 Be7 8.
Qd2 O-O 9. g4 a6 10. g5 Nd7 11. h4 Nxd4 12. Bxd4 b5 13. O-O-O Bb7 14. Bd3 Rc8
15. Rhg1 b4 16. Ne2 Nc5 17. Bxc5 dxc5 18. Qe3 Qa5 19. Bc4 Qc7 20. Kb1 Rfd8 21.
Rd3 Qe5 22. f3 a5 23. Rgd1 Rxd3 24. Rxd3 Bc6 25. Qd2 a4 26. a3 Qb8 27. Nf4 bxa3
28. Rxa3 Rd8 29. Qe3 Rd4 30. b3 Rxc4 0-1